000 00815 a2200277 4500
003 Nust
005 20170207154029.0
020 _a0-07-047824-4
040 _cNust
082 0 _a621.319 2
082 0 _a621.319 2
082 0 _a621.319
_b2
100 1 _aO'Malley, John
245 0 0 _aSchaum's outline of theory and problems of basic circuit analysis (E-Book)
_cJohn O'Mally
246 1 4 _aBasic circuit analysis.
246 1 4 _aBasic circuit analysis.
250 _a2. ed.
260 _aNew York :
_bMcGraw-Hill,
_ccop. 1992
300 _aix, 419 s. :
_bill. ;
_c28 cm.
490 0 _aSchaum's outline series
650 0 _aElectric circuit analysis
650 0 _aElectric circuits
650 0 _aElektronik ; Integrerade kretsar
651 _a(E-Book)
740 0 _aTheory and problems of basic circuit analysis
942 _2ddc
_cBK
999 _c192053
_d192053